| 000 -LEADER |
| fixed length control field |
01596 a2200361 4500 |
| 003 - CONTROL NUMBER IDENTIFIER |
| control field |
OSt |
| 005 - DATE AND TIME OF LATEST TRANSACTION |
| control field |
20180116192353.0 |
| 008 - FIXED-LENGTH DATA ELEMENTS--GENERAL INFORMATION |
| fixed length control field |
120601t xxu||||| |||| 00| 0 eng d |
| 010 ## - LIBRARY OF CONGRESS CONTROL NUMBER |
| LC control number |
2007273817 |
| 020 ## - INTERNATIONAL STANDARD BOOK NUMBER |
| International Standard Book Number |
9780073207025 (v. 1 : acid-free paper) |
| 020 ## - INTERNATIONAL STANDARD BOOK NUMBER |
| International Standard Book Number |
0073207020 (v. 1 : acid-free paper) |
| 020 ## - INTERNATIONAL STANDARD BOOK NUMBER |
| International Standard Book Number |
9780073207032 (v. 2 : alk. paper) |
| 020 ## - INTERNATIONAL STANDARD BOOK NUMBER |
| International Standard Book Number |
0073207039 (v. 2 : alk. paper) |
| 040 ## - CATALOGING SOURCE |
| Transcribing agency |
0 |
| 082 ## - DEWEY DECIMAL CLASSIFICATION NUMBER |
| Classification number |
909 |
| 100 1# - MAIN ENTRY--PERSONAL NAME |
| Personal name |
Bentley, Jerry H., |
| 9 (RLIN) |
3338 |
| 245 10 - TITLE STATEMENT |
| Title |
Traditions & encounters : |
| Remainder of title |
a Global Perspective on the Past / |
| Statement of responsibility, etc. |
Jerry H. Bentley, Herbert F. Ziegler, Heather E. Streets. |
| Number of part/section of a work |
VOL. A |
| Name of part/section of a work |
SADAFrom the Beginning to 1000. |
| 246 3# - VARYING FORM OF TITLE |
| Title proper/short title |
Traditions and encounters |
| 250 ## - EDITION STATEMENT |
| Edition statement |
4th ed. |
| 260 ## - PUBLICATION, DISTRIBUTION, ETC. |
| Place of publication, distribution, etc. |
Boston : |
| Name of publisher, distributor, etc. |
McGraw Hill Higher Education, |
| Date of publication, distribution, etc. |
c2008. |
| 300 ## - PHYSICAL DESCRIPTION |
| Extent |
456 p. : |
| Other physical details |
ill. (chiefly col.), col. maps ; |
| Dimensions |
26 cm. |
| 500 ## - GENERAL NOTE |
| General note |
Col. maps on end papers. |
| 505 1# - FORMATTED CONTENTS NOTE |
| Formatted contents note |
v. 1. From the beginning to 1500 -- v. 2. From 1500 to the present. |
| 650 10 - SUBJECT ADDED ENTRY--TOPICAL TERM |
| Topical term or geographic name entry element |
World history |
| 9 (RLIN) |
3339 |
| 650 10 - SUBJECT ADDED ENTRY--TOPICAL TERM |
| Topical term or geographic name entry element |
Intercultural communication |
| General subdivision |
History |
| 9 (RLIN) |
3340 |
| 700 1# - ADDED ENTRY--PERSONAL NAME |
| Personal name |
Ziegler, Herbert F., |
| Dates associated with a name |
1949- |
| 9 (RLIN) |
3341 |
| 700 1# - ADDED ENTRY--PERSONAL NAME |
| Personal name |
Streets-Salter, Heather. |
| 9 (RLIN) |
3342 |
| 856 41 - ELECTRONIC LOCATION AND ACCESS |
| Materials specified |
Table of contents only |
| Uniform Resource Identifier |
<a href="http://www.loc.gov/catdir/enhancements/fy0713/2007273817-t.html">http://www.loc.gov/catdir/enhancements/fy0713/2007273817-t.html</a> |
| 856 41 - ELECTRONIC LOCATION AND ACCESS |
| Materials specified |
Publisher description |
| Uniform Resource Identifier |
<a href="http://www.loc.gov/catdir/enhancements/fy0713/2007273817-d.html">http://www.loc.gov/catdir/enhancements/fy0713/2007273817-d.html</a> |
| 856 41 - ELECTRONIC LOCATION AND ACCESS |
| Materials specified |
Contributor biographical information |
| Uniform Resource Identifier |
<a href="http://www.loc.gov/catdir/enhancements/fy0737/2007273817-b.html">http://www.loc.gov/catdir/enhancements/fy0737/2007273817-b.html</a> |
| 942 ## - ADDED ENTRY ELEMENTS (KOHA) |
| Institution code [OBSOLETE] |
SADA |
| Koha item type |
Book |
| Call number prefix |
909 BEN 2008 |
| Source of classification or shelving scheme |
|
| 952 ## - LOCATION AND ITEM INFORMATION (KOHA) |
| -- |
BOOK |